| 000 | 00813nam a22002177a 4500 | ||
|---|---|---|---|
| 005 | 20081020101424.0 | ||
| 008 | 081020t xxu||||| |||| 00| 0 eng d | ||
| 010 | _aENG-84027 | ||
| 020 | _a8178296975 | ||
| 020 | _c495.00 (pbk) | ||
| 035 | _aEN-67560 | ||
| 082 | _a304.6670954 / SEX | ||
| 245 |
_aSex-selective abortion in India: _bgender, society and new reproductive technologies / _cedited by Tulsi Patel |
||
| 260 |
_aNew Delhi _bSage Publications |
||
| 260 | _c2007 | ||
| 300 |
_a432p _c22cm |
||
| 500 | _aIncludes bibliographical references and index | ||
| 700 | _aPatel, Tulsi | ||
| 942 |
_2ddc _cEN _h304.6670954 _mSEX |
||
| 999 |
_c16994 _d16994 |
||